Dedicaces proverbes : poemes.

Saved in:
Bibliographic Details
Main Author: Meschonnic, Henri, 1932-
Format: Book
Language:French
Published: Paris : Gallimard, 1972.
Series:Le Chemin
LEADER 00672nam a22001931 4500
001 c000200724
003 CARM
005 20021125001900.0
008 851113s1972 fr 0 fre d
019 1 |a 4116507  |5 LACONCORD2021 
035 |a (OCoLC)218284812  |5 LACONCORD2021 
100 1 |a Meschonnic, Henri,  |d 1932- 
245 1 0 |a Dedicaces proverbes :  |b poemes. 
260 |a Paris :  |b Gallimard,  |c 1972. 
440 3 |a Le Chemin 
852 8 |b CARM  |h A2:AO32A0  |i B06480  |p 0299842  |f BK 
082 0 4 |a 841.9 
999 f f |i f5ea70b6-a9c4-5063-b427-7063e33cccd3  |s ebd99be4-2038-54d5-82f0-e290d9399065 
952 f f |p Can circulate  |a CAVAL  |b CAVAL  |c CAVAL  |d CARM 1 Store  |e B06480  |f A2:AO32A0  |h Other scheme  |i book  |m 0299842